000 00378nam a22001697a 4500
003 SGT
020 _a9789392544347
082 _a615.53
_bB25A
100 _aACHARYA, RABINARAYAN
245 _aTEXT BOOK OF BIOSTATISTICS
250 _a1ST
260 _aNEW DELHI
_bCCRAS
_c2025
300 _a192
650 _aAYURVEDA
653 _aBIOSTATISTICS, AYURVEDA
942 _2ddc
_cBK
999 _c34711
_d34711